000
00330nam a2200133Ia 4500
005
20251222143244.0
008
251222s9999||||xx |||||||||||||| ||spa||
020
_a
84-8169-428-2
082
_a
492.4/L21
100
_a
Lambdin, Thomas O.
245
0
_a
Introducción al Hebreo Bíblico
264
_b
Editorial Divino
942
_c
LIB
999
_c
14677
_d
14677